000
00261nam a2200109Ia 4500
008
190216s9999||||xx |||||||||||||| ||und||
100
_a
Menon D S
245
0
_a
Mechanics And Statistical Physics
260
_b
Wiley Eastern Ltd
650
_a
Physics
942
_c
BK
999
_c
32944
_d
32944